000 00299nam a2200121Ia 4500
008 230524s9999 xx 000 0 und d
100 _aCay Horstmann
245 0 _a"Big Java: Compatible with Java 5 & 6, "
260 _bJ.Wiley
500 _aQuantity Number: 22
650 _aComp-Sc
942 _cBK
999 _c49747
_d49747